| 000 | 00756 a2200217 4500 | ||
|---|---|---|---|
| 010 | _aENG-85782 | ||
| 020 |
_a0195683226 _c495.00 |
||
| 035 | _aEN-69315 | ||
| 037 | _bD.B.Act / PUB | ||
| 082 | 1 | 4 | _aN |
| 090 |
_c3532 _d3532 |
||
| 100 | 1 | _aChatterji, Bankimcandra | |
| 245 | 1 |
_aAnandamath _cby Bankimcandra Chatterjee _bor the sacred bortherhood |
|
| 260 |
_aNew Delhi _bOxford University Press _c2006 |
||
| 270 |
_aYMCA Library Building, Jai Singh Road, _bNew Delhi, Akshaya Prakashan _cDelhi _e110 001 |
||
| 300 |
_a315p. _c23cm (Hb) |
||
| 500 | _aIncludes bibliographical references and index | ||
| 700 | _aLipner, Julius J | ||
| 942 |
_adpl _cEN _kN / CHA |
||
| 999 |
_c3465 _d3465 |
||